大度山
| 資料類型: | 圖書 | 書目號: | 29325 |
Leader xxxxxxxxxx 001 __ 75068586 005 __ 19930831130424.0 008 __ chi 010 0_ |a|b平裝|dNT$110 100 __ |a19910131d1987 y0chiy0109 e. 101 0_ |achi. 102 __ |acw. 105 __ |aa z 000yy. 200 1_ |a大度山|e|f蔣勛著. 205 __ |a 210 __ |a台北市|c爾雅|d民76. 215 0_ |a[7], 252面|c圖|d19公分. 225 2_ |a爾雅叢書|v192. 260 1_ |a1987. 320 __ |a附錄:人間走遍卻歸耕-蔣勛和「萍水相逢」. 410 _0 |12001 |a爾雅叢書|v192. 681 __ |a 700 _1 |a蔣|b勛.|4 702 __ |a|b|4 801 _0 |acw|b清大|c19900801. 801 _1 |acw|b清大|c19910131. |